192 bài thơ chứ Hán của Nguyễn Du (1765 - 1810)

Bewaard in:
Bibliografische gegevens
Hoofdauteur: Nguyễn Du
Formaat: Boek
Taal:Undetermined
Gepubliceerd in: Hà Nội VHTT 1995
Onderwerpen:
Tags: Voeg label toe
Geen labels, Wees de eerste die dit record labelt!
Thư viện lưu trữ: Trung tâm Học liệu Trường Đại học Cần Thơ
LEADER 00547nam a2200193Ia 4500
001 CTU_25346
008 210402s9999 xx 000 0 und d
020 |b 30.000đ 
082 |a 895.92211 
082 |b D500b 
100 |a Nguyễn Du 
245 0 |a 192 bài thơ chứ Hán của Nguyễn Du (1765 - 1810) 
245 0 |c Nguyễn Du 
260 |a Hà Nội 
260 |b VHTT 
260 |c 1995 
650 |a vietanamese poetry - 18th century 
904 |i Minh, 980924 
980 |a Trung tâm Học liệu Trường Đại học Cần Thơ